00716 a2200169 450000500170000002000220001710000140003924500430005325000110009626000480010730000580015570000180021394200130023199900150024495201450025995201420040420250624081648.0 a978-81-317-3348-6 aLYSONS, K aPurchasing and Supply Chain Management a7th Ed aNew DelhibPearson Education Limitedc2015 axix, 707p.: ill, Figure, Graph, TablebIndexc23.5 cm aFARRINGTON, B 2ddccBKS c3892d3892 r2025-06-12 15:53:21l0o658.72 LYSpMBY00099v270000.00w2025-06-12yBKS102ddc407000a002b002cSPECIALd2016-01-28ePurchaseg90000.00 r2025-06-24 08:19:52l0o658.72 LYSpMBY000301v270000.00w2025-06-24yBKS102ddc407000a002b002cGENd2016-01-28ePURCHASEg90000.00